| 000 | 00493nam a2200169Ia 4500 | ||
|---|---|---|---|
| 003 | GCL | ||
| 008 | 140319s9999 xx 000 0 ara d | ||
| 040 |
_aGCL / _cGCL |
||
| 082 | 0 | 4 |
_a813.03 _bم ا |
| 100 | 1 | _aمصطفى امين | |
| 245 | 1 | 0 |
_aال 200 فكرة / _cمصطفى امين |
| 490 |
_aالهيئة العامة للاستعلامات _v0 |
||
| 650 | 0 | 4 | _aالمقالات |
| 650 | 0 | 4 | _aالمقالات - مجموعات |
| 650 | 0 | 4 | _aالمقالات - مصر |
| 942 |
_2ddc _cBK |
||
| 999 |
_c48418 _d48418 |
||